[Event "North Shore B-Grade"]
[Site "Auckland NZL"]
[Date "2017.08.27"]
[Round "4"]
[White "Weng, Xintong (Winston)"]
[Black "Meng, Richard"]
[Result "1/2-1/2"]
[WhiteElo "1305"]
[BlackElo "1627"]
[PlyCount "151"]
[EventDate "2017.08.26"]

1. c4 e5 2. Nc3 Nf6 3. g3 d5 4. cxd5 Nxd5 5. Bg2 Nb6 6. d3 Be7 7. Nf3 Nc6 8.
O-O O-O 9. Bd2 Re8 10. Nb1 Bf5 11. Bc3 Bf6 12. Nfd2 Qe7 13. Ne4 Rad8 14. Nbd2
Bg5 15. Qc2 Bxd2 16. Nxd2 Nd4 17. Bxd4 exd4 18. Rfe1 c6 19. Nf3 Qd7 20. b3 Re7
21. Nh4 Bh3 22. Bxh3 Qxh3 23. Nf3 Qf5 24. Qb2 Qf6 25. Rac1 Qd6 26. Rc2 h6 27.
Nh4 g6 28. Qc1 Kh7 29. Nf3 Qf6 30. Nd2 Qg7 31. Nc4 Nd5 32. Qb2 Qf6 33. Nd2 Nc3
34. Nb1 Nd5 35. Nd2 Qg7 36. Nf3 Nb6 37. Nd2 Red7 38. Nf3 Na8 39. Kg2 Nc7 40.
Kg1 Nb5 41. Nd2 Nc3 42. Nb1 Nxb1 43. Qxb1 Rd5 44. Qc1 Qe5 45. b4 Qh5 46. Rc5
Qh3 47. Qf4 Kg7 48. Rec1 Qe6 49. Qd2 Rxc5 50. Rxc5 Re8 51. Kf1 Rd8 52. Qc2 Rd6
53. b5 cxb5 54. Rxb5 Rc6 55. Rc5 Rb6 56. Rc4 Qd5 57. Kg1 Ra6 58. Qb2 Kg8 59.
Rc1 Kh7 60. Rc4 Rb6 61. Qc2 Rb5 62. Rc7 a6 63. Rc4 a5 64. a4 Rb4 65. Rc5 Qd8
66. Rc4 Qd7 67. Rxb4 axb4 68. Qb3 Qe7 69. Qc4 h5 70. Qxd4 b3 71. Qc3 Qa3 72. a5
Qa2 73. Qc4 Kg7 74. Qc3+ Kh7 75. Qc4 Kg8 76. Qc8+ 1/2-1/2

[Event "North Shore B-Grade"]
[Site "Auckland NZL"]
[Date "2017.08.27"]
[Round "4"]
[White "Bishop, Everett"]
[Black "Van den Heuvel, Arnold"]
[Result "1-0"]
[WhiteElo "1826"]
[BlackElo "1828"]
[PlyCount "73"]
[EventDate "2017.08.26"]

1. g3 d5 2. Bg2 Nf6 3. d3 c6 4. Nf3 Bf5 5. Nbd2 h6 6. O-O Nbd7 7. Qe1 e6 8. e4
dxe4 9. dxe4 Bh7 10. Qe2 Be7 11. b3 Qc7 12. Bb2 O-O-O 13. Rfc1 Bc5 14. a3 e5
15. b4 Bb6 16. Bh3 Kb8 17. c4 c5 18. Nh4 Rhe8 19. Bf5 g5 20. Bxh7 gxh4 21. Bf5
hxg3 22. hxg3 cxb4 23. axb4 Bd4 24. Nb3 Nf8 25. Nxd4 exd4 26. Qd3 Ne6 27. c5
Rg8 28. Qa3 a6 29. b5 Nf4 30. Kf1 N4h5 31. Kg2 Nxe4 32. Bxe4 d3 33. Qc3 Nf4+
34. Kf1 Ne2 35. Qe5 Nxc1 36. Qxc7+ Kxc7 37. b6+ 1-0

[Event "North Shore B-Grade"]
[Site "Auckland NZL"]
[Date "2017.08.27"]
[Round "4"]
[White "Wang, Aaron Ziwen"]
[Black "Eade, Don"]
[Result "0-1"]
[WhiteElo "1552"]
[BlackElo "1806"]
[PlyCount "142"]
[EventDate "2017.08.26"]

1. c4 c5 2. Nc3 Nc6 3. g3 Nf6 4. Bg2 e6 5. Nf3 d5 6. cxd5 exd5 7. d4 cxd4 8.
Nxd4 Bc5 9. Nb3 Bb4 10. a3 Bxc3+ 11. bxc3 h6 12. O-O O-O 13. Bf4 Re8 14. Nd4
Nxd4 15. cxd4 Bg4 16. Re1 Qa5 17. Bd2 Qa6 18. Be3 Rac8 19. h3 Bf5 20. Qb3 Rc4
21. Ra2 Rec8 22. Rb2 b6 23. Kh2 Rc3 24. Qb5 Qxb5 25. Rxb5 Rxa3 26. Bf4 Bd7 27.
Rbb1 Ra2 28. Ra1 Rcc2 29. Rxa2 Rxa2 30. Be5 Ne4 31. Bxe4 dxe4 32. d5 Rd2 33. d6
Rd5 34. Rc1 Be6 35. Bf4 g5 36. Be3 Rxd6 37. Rc7 a6 38. Rb7 b5 39. Rb6 Rd1 40.
Rxa6 Bc4 41. Rxh6 Bxe2 42. Bxg5 f5 43. Rg6+ Kh7 44. Rf6 Bf3 45. g4 Rh1+ 46. Kg3
Rg1+ 47. Kh4 fxg4 48. Rb6 gxh3 49. Bf4 Rg4+ 50. Kxh3 Rxf4 51. Rxb5 Kg6 52. Rb2
Kg5 53. Rb8 Rf5 54. Kg3 Rf6 55. Rb5+ Kh6 56. Rb8 Rg6+ 57. Kf4 Rg4+ 58. Ke3 Rg7
59. Rb2 Kh5 60. Rd2 Kg4 61. Rd4 Ra7 62. Rd2 Ra3+ 63. Kd4 Kf4 64. Kc4 Ra1 65.
Kd4 Re1 66. Kc3 Re2 67. Rxe2 Bxe2 68. Kd2 Kf3 69. Ke1 Bc4 70. Kd2 Kxf2 71. Kc3
Be6 0-1

[Event "North Shore B-Grade"]
[Site "Auckland NZL"]
[Date "2017.08.27"]
[Round "4"]
[White "Lyall, Simon"]
[Black "Holdo, Karl"]
[Result "1-0"]
[WhiteElo "1752"]
[BlackElo "1683"]
[PlyCount "113"]
[EventDate "2017.08.26"]

1. e4 c5 2. c3 d5 3. exd5 Qxd5 4. d4 Nf6 5. Nf3 e6 6. Na3 a6 7. Nc4 Nbd7 8. Be3
cxd4 9. Bxd4 Be7 10. Bd3 O-O 11. O-O b5 12. Nce5 Nxe5 13. Bxe5 Rd8 14. Bc2 Qxd1
15. Raxd1 Bb7 16. Rd4 Rxd4 17. Bxd4 Rc8 18. a3 Bc5 19. Rd1 Bxd4 20. Rxd4 Bd5
21. Ne5 Kf8 22. f3 Ke7 23. Kf2 h6 24. Bd3 Nd7 25. Nxd7 Kxd7 26. a4 Rc5 27. axb5
axb5 28. Ke3 e5 29. Rb4 Bc6 30. c4 bxc4 31. Bxc4 f5 32. Bd3 g6 33. Rb8 e4 34.
fxe4 fxe4 35. Bxe4 Bxe4 36. Kxe4 Rc2 37. Kf3 g5 38. h3 h5 39. g4 h4 40. Ke4 Rf2
41. Rb3 Ke6 42. Rb6+ Kf7 43. Rb3 Ke6 44. Rb6+ Kf7 45. Rb5 Kg6 46. Rb8 Rh2 47.
Rb3 Re2+ 48. Kd3 Rg2 49. Kc4 Rg3 50. Rd3 Kf6 51. b4 Ke6 52. b5 Rg1 53. b6 Rb1
54. Rb3 Rc1+ 55. Kb4 Rc8 56. Rc3 Rd8 57. Kb5 1-0

[Event "North Shore B-Grade"]
[Site "Auckland NZL"]
[Date "2017.08.27"]
[Round "4"]
[White "Ha, Huy Minh (Timothy)"]
[Black "Lourenco, Eva"]
[Result "1-0"]
[WhiteElo "1702"]
[BlackElo "1350"]
[PlyCount "135"]
[EventDate "2017.08.26"]

1. d4 Nf6 2. Nf3 g6 3. g3 Bg7 4. Bg2 d6 5. O-O O-O 6. Re1 c6 7. e4 Nbd7 8. c3
e5 9. Qc2 Re8 10. Bg5 Qc7 11. Nbd2 a5 12. Rad1 Nf8 13. dxe5 dxe5 14. Nc4 Bg4
15. b3 Bxf3 16. Bxf3 b5 17. Nb2 Ne6 18. Be3 Red8 19. Rxd8+ Rxd8 20. Rd1 Rxd1+
21. Qxd1 Qd8 22. Qxd8+ Nxd8 23. Bb6 Nb7 24. Nd3 Nd7 25. Bc7 h5 26. g4 h4 27. g5
Kf8 28. Bg4 Ke7 29. Bxd7 Kxd7 30. Bxe5 Bf8 31. Bd4 Bd6 32. f4 Ke6 33. Kg2 c5
34. Be3 c4 35. bxc4 bxc4 36. Nb2 f5 37. gxf6 Bc5 38. Nxc4 Bxe3 39. Nxe3 Kxf6
40. Ng4+ Ke6 41. Kh3 Nd6 42. Nf2 Nb5 43. Nd1 Nd6 44. e5 Nf7 45. Kxh4 Kf5 46.
Kg3 g5 47. fxg5 Nxg5 48. h4 Nf7 49. Ne3+ Kxe5 50. Nc4+ Kf5 51. Nxa5 Nd6 52. c4
Ne4+ 53. Kf3 Nf6 54. Ke3 Kg4 55. Kd4 Kxh4 56. c5 Kg5 57. Ke5 Ne8 58. Nc4 Kg6
59. a4 Nc7 60. Kd6 Na6 61. c6 Kf6 62. c7 Nxc7 63. Kxc7 Ke6 64. a5 Kd5 65. a6
Kxc4 66. a7 Kc5 67. a8=Q Kb4 68. Qc6 1-0

[Event "North Shore B-Grade"]
[Site "Auckland NZL"]
[Date "2017.08.27"]
[Round "4"]
[White "McDougall, Euan"]
[Black "Li, Leo Xiang Yu"]
[Result "1-0"]
[WhiteElo "1388"]
[BlackElo "1256"]
[PlyCount "105"]
[EventDate "2017.08.26"]

1. e4 e5 2. Nf3 Nc6 3. Bb5 a6 4. Ba4 b5 5. Bb3 Bc5 6. c3 Bb6 7. d3 Bb7 8. Ng5
Nh6 9. O-O O-O 10. Qh5 Qf6 11. Nf3 Bc8 12. Bxh6 gxh6 13. a4 bxa4 14. Bxa4 Qg7
15. Bxc6 dxc6 16. Qxe5 f6 17. Qg3 Rf7 18. Qxg7+ Rxg7 19. g3 Bh3 20. Re1 Rb8 21.
Nbd2 Ba7 22. Rxa6 Bb6 23. d4 c5 24. d5 Rd8 25. Nc4 Rb8 26. Nxb6 cxb6 27. Nd2
Re7 28. Nc4 b5 29. Na5 Ree8 30. Rxf6 Rbd8 31. Rxh6 Bg4 32. d6 Bf3 33. e5 Bg4
34. f4 Ra8 35. Nb3 c4 36. Nd4 Bd7 37. e6 Bc6 38. f5 Ra2 39. Re2 Ra1+ 40. Kf2
Bb7 41. d7 Rd8 42. Nxb5 Raa8 43. Nd6 Bc6 44. Nxc4 Rf8 45. g4 Bb5 46. Re4 Bxc4
47. Rxc4 Ra2 48. Rb4 Raa8 49. Rh3 Kg7 50. Rb7 Kg8 51. c4 Kh8 52. c5 Kg8 53. c6
1-0

[Event "North Shore B-Grade"]
[Site "Auckland NZL"]
[Date "2017.08.27"]
[Round "4"]
[White "Li, Andrew"]
[Black "Hilder, Scott"]
[Result "0-1"]
[WhiteElo "1376"]
[BlackElo "1900"]
[PlyCount "102"]
[EventDate "2017.08.26"]

1. e4 c5 2. Nf3 d6 3. Bb5+ Nd7 4. Bxd7+ Bxd7 5. d3 g6 6. c3 Bg7 7. Be3 Nf6 8.
Nbd2 h6 9. h3 Qc8 10. Nb3 a6 11. e5 Nd5 12. exd6 Nxe3 13. fxe3 exd6 14. Nfd2
Qc6 15. Qf3 O-O 16. Qxc6 Bxc6 17. O-O Rfe8 18. e4 b6 19. Nc4 Re6 20. Nxb6 Rb8
21. Nc4 Bb5 22. Nbd2 Bc6 23. Rf4 d5 24. exd5 Bxd5 25. Nb3 Re2 26. Rf2 Rbe8 27.
Raf1 Bf8 28. Rxe2 Rxe2 29. Rf2 Re1+ 30. Rf1 Re2 31. Rf2 Re7 32. Rd2 h5 33. Nxc5
Bh6 34. Rd1 Bxc4 35. Ne4 Bxa2 36. c4 f5 37. Nc3 Bb3 38. Ra1 Bf4 39. Nd5 Be3+
40. Kh1 Re6 41. Re1 f4 42. Nxf4 Re5 43. Nxg6 Re8 44. Nf4 Rf8 45. Ne6 Bd2 46.
Re2 Rf1+ 47. Kh2 Be1 48. g3 Bd1 49. Rxe1 Rxe1 50. Nc7 Bf3 51. g4 h4 0-1

[Event "North Shore B-Grade"]
[Site "Auckland NZL"]
[Date "2017.08.27"]
[Round "4"]
[White "Li, Rodney Xiang Rei"]
[Black "Goormachtigh, Laurens"]
[Result "0-1"]
[WhiteElo "1509"]
[BlackElo "1714"]
[PlyCount "50"]
[EventDate "2017.08.26"]

1. e4 e5 2. Nf3 Nc6 3. Bb5 Nf6 4. Nc3 a6 5. Bxc6 dxc6 6. Nxe5 Bd6 7. Nf3 Qe7 8.
d3 Bg4 9. h3 Bd7 10. Bg5 h6 11. Be3 O-O-O 12. Qd2 Bb4 13. a3 Ba5 14. b4 Bb6 15.
Bxb6 cxb6 16. Na4 Nd5 17. O-O b5 18. exd5 bxa4 19. dxc6 Bxc6 20. Qc3 f6 21. Nd4
Qe5 22. Ne2 Qxe2 23. Rfe1 Qh5 24. Re6 Qd5 25. Re4 f5 0-1

[Event "North Shore B-Grade"]
[Site "Auckland NZL"]
[Date "2017.08.27"]
[Round "4"]
[White "Qiu, Daniel"]
[Black "Braganza, Nadia"]
[Result "1/2-1/2"]
[WhiteElo "1354"]
[BlackElo "1549"]
[PlyCount "70"]
[EventDate "2017.08.26"]

1. d4 Nf6 2. c4 g6 3. Nc3 Bg7 4. Nf3 O-O 5. e4 d6 6. Be2 Nbd7 7. O-O e5 8. d5
Nh5 9. b4 Nf4 10. Bxf4 exf4 11. Rc1 b6 12. Qc2 Bb7 13. a3 c6 14. Rfe1 c5 15.
Nb5 Ne5 16. Nxe5 Bxe5 17. Qd3 Qc8 18. Rb1 Re8 19. Rec1 Ba6 20. bxc5 Qxc5 21. a4
Bc8 22. Qa3 Qxa3 23. Nxa3 Bd7 24. Bd1 Bd4 25. Bc2 a6 26. Rd1 Bc5 27. Ra1 Bxa3
28. Rxa3 a5 29. Re1 f5 30. f3 fxe4 31. fxe4 Rac8 32. Rc3 Re7 33. Kf2 Kg7 34.
Kf3 g5 35. h3 h6 1/2-1/2

[Event "North Shore B-Grade"]
[Site "Auckland NZL"]
[Date "2017.08.27"]
[Round "4"]
[White "Li, Allen"]
[Black "Qin, Oscar Shu Xuan"]
[Result "1-0"]
[WhiteElo "1515"]
[BlackElo "1449"]
[PlyCount "163"]
[EventDate "2017.08.26"]

1. e4 e5 2. Nf3 Nc6 3. Bb5 a6 4. Bxc6 dxc6 5. O-O Bd6 6. h3 Nf6 7. d4 Qe7 8.
dxe5 Bxe5 9. Nxe5 Qxe5 10. Nc3 O-O 11. Qf3 Be6 12. a3 Rac8 13. Bf4 Qh5 14. Qxh5
Nxh5 15. Bh2 Nf6 16. f4 Rfd8 17. f5 Bc4 18. Rfd1 Rd7 19. Rxd7 Nxd7 20. b3 Bxb3
21. cxb3 Nc5 22. b4 Nb3 23. Rd1 c5 24. Nd5 Kf8 25. Bxc7 c4 26. Bd6+ Ke8 27.
Nc7+ Kd7 28. Be5+ Ke7 29. Nd5+ Kf8 30. Nb6 Rc6 31. Nd7+ Ke8 32. Bxg7 Rc7 33.
Nf6+ Ke7 34. Nd5+ Kd7 35. Nxc7+ Kxc7 36. Be5+ Kc6 37. Rd6+ Kb5 38. Rd5+ Kc6 39.
Rd6+ Kb5 40. Rd7 Kc6 41. Rc7+ Kb6 42. Rxb7+ Kxb7 43. Bc3 Kc6 44. Kf2 Kd6 45.
Ke3 Ke7 46. e5 Kd7 47. Ke4 Kc6 48. e6 fxe6 49. fxe6 Kd6 50. Kf5 Ke7 51. Bf6+
Kd6 52. e7 Kd7 53. Bh4 Ke8 54. Ke5 h6 55. Ke4 Kd7 56. Ke3 a5 57. bxa5 Nxa5 58.
Kd4 h5 59. Bg5 h4 60. Bxh4 Ke8 61. Bg5 Kd7 62. Kc3 Ke8 63. h4 Kf7 64. h5 Nc6
65. Kxc4 Nxe7 66. Bxe7 Kxe7 67. a4 Kf6 68. a5 Kg5 69. g4 Kh6 70. a6 Kg5 71. a7
Kh6 72. a8=Q Kg5 73. Qg8+ Kh4 74. Qd8+ Kxg4 75. Qg8+ Kf5 76. Qe8 Kg5 77. Qf8
Kxh5 78. Qg7 Kh4 79. Kd4 Kh3 80. Ke3 Kh4 81. Kf4 Kh5 82. Qg5# 1-0

[Event "North Shore B-Grade"]
[Site "Auckland NZL"]
[Date "2017.08.27"]
[Round "4"]
[White "McDougall, Wayne"]
[Black "Liu, James Jiayu"]
[Result "0-1"]
[WhiteElo "1563"]
[BlackElo "1405"]
[PlyCount "82"]
[EventDate "2017.08.26"]

1. e4 c5 2. d4 cxd4 3. Qxd4 Nc6 4. Qa4 Nf6 5. Nc3 g6 6. Nf3 d6 7. Bg5 Bg7 8.
O-O-O Bd7 9. Bb5 a6 10. Bxc6 Bxc6 11. Qd4 O-O 12. Qe3 Ng4 13. Qe2 Bxc3 14. bxc3
f6 15. Bh4 Bb5 16. c4 Bd7 17. h3 Nh6 18. e5 dxe5 19. Qd2 e4 20. Ne1 Nf5 21.
Bxf6 Rxf6 22. Qxd7 Qxd7 23. Rxd7 b5 24. cxb5 axb5 25. Kb2 Rfa6 26. g4 Rxa2+ 27.
Kb3 R8a3+ 28. Kb4 Ra4+ 29. Kc5 Nh4 30. Rxe7 Rb2 31. Kd5 Rbb4 32. Rc7 Rd4+ 33.
Ke5 Rd2 34. Rf1 Rd1 35. g5 Nf3+ 36. Kf6 Ra6+ 37. Ke7 Rxe1 38. Rxe1 Nxe1 39. Rc5
Ra7+ 40. Kf6 Rf7+ 41. Ke5 Rf5+ 0-1

[Event "North Shore B-Grade"]
[Site "Auckland NZL"]
[Date "2017.08.27"]
[Round "4"]
[White "Kamberi, Paul"]
[Black "Myers, Sean"]
[Result "1-0"]
[WhiteElo "1570"]
[BlackElo "1495"]
[PlyCount "87"]
[EventDate "2017.08.26"]

1. e4 Nf6 2. d3 d5 3. exd5 Nxd5 4. h3 e5 5. Nf3 Nc6 6. c3 f6 7. Be2 Be7 8. O-O
Be6 9. b4 Bd6 10. a3 Qd7 11. c4 Bxh3 12. cxd5 Qg4 13. g3 Ne7 14. Re1 Nf5 15.
Nh4 Qd4 16. Nxf5 Bxf5 17. Ra2 Qxd5 18. Nc3 Qf7 19. Rd2 h5 20. Nb5 Qd5 21. Nxd6+
cxd6 22. Bf3 Qf7 23. Kg2 Kf8 24. Rh1 g6 25. Qe2 Bd7 26. d4 Re8 27. dxe5 Rxe5
28. Qd1 h4 29. gxh4 Reh5 30. Bxh5 Rxh5 31. Rxd6 Bc6+ 32. Rxc6 bxc6 33. Qd6+ Kg7
34. Qxc6 g5 35. hxg5 Rxh1 36. Qxf6+ Qxf6 37. gxf6+ Kxf6 38. Kxh1 Ke6 39. b5 Kd5
40. Be3 Kc4 41. Bxa7 Kxb5 42. f4 Kc6 43. f5 Kd7 44. f6 1-0